| 000 | 00614nam a2200193 a 4500 | ||
|---|---|---|---|
| 001 | 000012049 | ||
| 005 | 20240412074229.0 | ||
| 008 | 091104t1970 dr r 001 p spa d | ||
| 040 |
_aDO-SdBNP _bspa _cBNPHU |
||
| 082 |
_aRD861.44 _bC957t |
||
| 100 | 1 |
_aCruz, Francisco Antonio _924898 |
|
| 245 | 1 | 4 |
_aLos testamentos infinitos : _bprimera entrega / _cFrancisco Antonio Cruz. |
| 260 |
_aSanto Domingo _a[s. n.], _c1970. |
||
| 300 |
_a[24 p.] ; _c26 cm. |
||
| 590 | _aInventariado, 2018/BT | ||
| 650 | 0 |
_aPoesÃa dominicana _966 |
|
| 650 | 0 |
_aLiteratura dominicana. _967 |
|
| 910 | _aValidado. Control de calidad. EMS | ||
| 999 |
_c11717 _d11717 |
||